Loading...
| MB | 1 | 1 | 0 | 0 | 25 | 35 | 72.50 | 1 | 1 | 0.00 | 0.00 |
| AR | 0 | 2 | 0 | 1 | 20 | 68 | 98.50 | 1 | 1 | 0.00 | 0.00 |
| BB | 0 | 2 | 0 | 0 | 20 | 105 | 107.00 | 1 | 1 | 0.00 | 0.00 |
| TR | 0 | 2 | 0 | 2 | 20 | 126 | 128.50 | 0 | 0 | 0.00 | 0.00 |
| AW | 0 | 1 | 0 | 1 | 10 | 119 | 119.00 | 0 | 1 | 0.00 | 0.00 |
| RC | 0 | 1 | 0 | 0 | 10 | 105 | 105.00 | 1 | 1 | 0.00 | 0.00 |
| RR | 0 | 1 | 0 | 0 | 10 | 110 | 110.00 | 0 | 1 | 0.00 | 0.00 |
| AG | 0 | 1 | 0 | 0 | 10 | 75 | 75.00 | 0 | 1 | 0.00 | 0.00 |
| MB | klezmer music | 15 | 35 |
| AR | washing hands | 10 | 68 |
| AG | Ramayana | 10 | 75 |
| BB | gas chromatography | 10 | 105 |
| RC | Perl | 10 | 105 |
| BB | planetary migration | 10 | 109 |
| MB | G minor | 10 | 110 |
| RR | elevation | 10 | 110 |
| AW | periodate | 10 | 119 |
| TR | Malaysia | 10 | 126 |